Регионална библиотека "Любен Каравелов" - Русе

Трудове на Приятелската дружина в София (Запис номер 135696)

MARC детайли
000 -Лидер
Контролно поле с фиксирана дължина nam a22 a 4500
003 - Код на организацията, давaща контролен номер
Контролно поле BLK
005 - Дата и час на последна редакция
Контролно поле 20201009084900.0
008 - Елементи от данни с фиксирана дължина
fixed length control field 180409b bul|||||r ||||||| ||bul||
010 ## - Наследен системен номер
LC control number KNG00141623000
040 ## - Източник на каталожния запис
Идентификатор на билиотеката - собственик на записа BLK
041 ## - Код за език
Код за езика на текст/звукозапис или на отделно заглавие Български
Код за езика КДБФ Български
072 #7 - Код за тематичната категория
Код организация bullib
Код за тематична категория Ц
Текст Редки и ценни
080 ## - УДК
Текстов определител УДК Морал и общество. Човешки отношения. Уважение. Независимост. Вж и 395
УДК код - определител по УДК 177
УДК - код + определител 177
110 1# - Редна дума - колетивен орган
Редна дума - наименование на организация или юридическо лице Приятелска дружина. София
9 (RLIN) 2822
139 ## - Редно поле
Редна дума Приятелска дружина. София
Авторски знак Прил - П 88
245 10 - Сведения за заглавието
Заглавие Трудове на Приятелската дружина в София
Подзаглавни данни Кн. 1 -
Том Кн. 1
257 ## - Страна на издаване
Страна на създаване/издаване България
260 ## - Област на издателските данни
Година на издаване 1887 -
Печатница София : печ. К. Т. Кушлев
300 ## - Физическа характеристика
Размери/Мащаб 20 см
380 ## - Жанр
Жанр Философия
490 ## - СЕРИИ (Колекции)
9 (RLIN) 435080
Име на серия Колекция Редки и ценни издания
500 ## - Общи забележки
Забележка Изд. д-во Приятелска дружинка.
650 #4 - Допълнително описание по предмет – тема
Основно описание – тема или топоним Морал и общество
9 (RLIN) 280586
650 #4 - Допълнително описание по предмет – тема
Основно описание – тема или топоним Патриотизъм - в българската история
9 (RLIN) 324953
653 ## - Ключова дума – ненормативна
Ключова дума нравственост
653 ## - Ключова дума – ненормативна
Ключова дума патриотизъм
653 ## - Ключова дума – ненормативна
Ключова дума етика
659 ## - Тематичен бюлетин
Тематичен бюлетин Ц
760 1# - Описание на основната серия
Редна дума на основното описание Приятелска дружина. София
Място на издаване, издател и година 1887
Страници - том 46 с.
Заглавие Кн. 1
852 ## - Местоположение
Форматна сигнатура Рб 887
Фондова буква Редки и ценни
856 4# - Електронен адрес и достъп
Електронен формат pdf - файл
999 ## - СИСТЕМНИ КОНТРОЛНИ НОМЕРА
Koha biblionumber 135696
Koha biblioitemnumber 135696
942 ## - АРТИКУЛИ
Вид на библиотечния материал Книги
Скрит в OPAC Не
Периодичен библиозапис Да
944 ## - СЪЗДАВАНЕ И РЕДАКЦИЯ на ЗАПИСА
Създаване/Редакция Създаване
Дата на регистрацията/редакция 03.04.2013
Статус, дата на статуса ф / 03.04.2013
Служител, извършил регистрацията/редакцията Наталия_Медовщикова
944 ## - СЪЗДАВАНЕ И РЕДАКЦИЯ на ЗАПИСА
Създаване/Редакция Редакция
Дата на регистрацията/редакция 2020-10-09
999 ## - СИСТЕМНИ КОНТРОЛНИ НОМЕРА
Koha biblioitemnumber 135696
Наличности
Код за отписване Код за изгубен артикул Източник на класификационната схема Код за повреда Коз за рестрикции Код за отдаване Артикулен № Име на библиотеката - собственик Име на библиотеката, в която се намира в момента Статус (Текущо местоположение) Дата на вписване в системата Местоположение - отдел Цена в лева Инвентарен номер Систематично азбучна сигнатура Баркод Номер на екземпляра Цена в евро Служебна бележка Служебен тип на артикула
  Не е изгубен Universal Decimal Classification Не е повреден само за читалня Специални фондове ( старопечатни, редки и ценни, фонд М. Арнаудов) 221757 Регионална библиотека "Любен Каравелов" Русе Регионална библиотека "Любен Каравелов" Русе Редки и ценни 1887-01-01 Редки и ценни 0.04 16110 Рб 887 900000020894 1 0.02 Дост: DA N: стар фонд Дата: 01.01.1887 Дата инв: 02.04.2018 Бележки инв: Рц2018 Книги
Vip Innovations Ltd, Rousse, Bulgaria 2025